An introduction to derivatives and risk management / (Record no. 345668)
[ view plain ]
| 000 -LEADER | |
|---|---|
| fixed length control field | 01138 a2200205 4500 |
| 020 ## - INTERNATIONAL STANDARD BOOK NUMBER | |
| International Standard Book Number | 0030311470 |
| 020 ## - INTERNATIONAL STANDARD BOOK NUMBER | |
| International Standard Book Number | 9780030311475 |
| 082 04 - DEWEY DECIMAL CLASSIFICATION NUMBER | |
| Classification number | 332 |
| 090 ## - LOCALLY ASSIGNED LC-TYPE CALL NUMBER (OCLC); LOCAL CALL NUMBER (RLIN) | |
| -- | 3180 |
| -- | 3180 |
| 100 1# - MAIN ENTRY--PERSONAL NAME | |
| Personal name | Chance, Don M. |
| 245 13 - TITLE STATEMENT | |
| Title | An introduction to derivatives and risk management / |
| Statement of responsibility, etc. | Don M. Chance. |
| 250 ## - EDITION STATEMENT | |
| Edition statement | 5th ed. |
| 260 ## - PUBLICATION, DISTRIBUTION, ETC. | |
| Place of publication, distribution, etc. | [S.l.] : |
| Name of publisher, distributor, etc. | Harcourt College Publishers, |
| Date of publication, distribution, etc. | 2001. |
| 300 ## - PHYSICAL DESCRIPTION | |
| Extent | 822 p. ; |
| Dimensions | 22 cm. |
| 500 ## - GENERAL NOTE | |
| General note | Hardcover. |
| 520 ## - SUMMARY, ETC. | |
| Summary, etc. | A market leader, this book is ideally designed for either a one- or two-semester course in options and/or futures, derivatives, and/or risk management at the advanced undergraduate or MBA level. Detailed but flexible coverage of options, futures, forwards, swaps, and risk management � as well as a solid introduction to pricing, trading, and strategy - allows instructors to selectively tailor inclusion of topics/chapters to fit the length of the course. |
| 856 40 - ELECTRONIC LOCATION AND ACCESS | |
| Materials specified | Amazon.com |
| Uniform Resource Identifier | <a href="http://www.amazon.com/exec/obidos/ASIN/0030311470/chopaconline-20">http://www.amazon.com/exec/obidos/ASIN/0030311470/chopaconline-20</a> |
| 856 40 - ELECTRONIC LOCATION AND ACCESS | |
| Materials specified | Amazon customer reviews |
| Uniform Resource Identifier | <a href="http://www.chopac.org/cgi-bin/tools/azrev.pl?q=0030311470">http://www.chopac.org/cgi-bin/tools/azrev.pl?q=0030311470</a> |
| 942 ## - ADDED ENTRY ELEMENTS (KOHA) | |
| Institution code [OBSOLETE] | NBS |
| Koha item type | Book |
| Call number prefix | 332.6457 CHA |
| Withdrawn status | Lost status | Damaged status | Not for loan | Permanent Location | Current Location | Date acquired | Total Checkouts | Full call number | Barcode | Date last seen | Date last checked out | Price effective from | Koha item type |
|---|---|---|---|---|---|---|---|---|---|---|---|---|---|
| Central Library (CL) | Central Library (CL) | 08/28/2013 | 1 | 332.6457 CHA | NBS6290 | 11/22/2017 | 08/04/2017 | 08/28/2013 | Book | ||||
| Central Library (CL) | Central Library (CL) | 08/28/2013 | 1 | 332.6457 CHA | NBS6707 | 11/22/2017 | 08/04/2017 | 08/28/2013 | Book | ||||
| Central Library (CL) | Central Library (CL) | 08/28/2013 | 2 | 332.6457 CHA | NBS6722 | 11/22/2017 | 08/04/2017 | 08/28/2013 | Book |
